A DICTIONARY of geology and earth sciences
Պահպանված է:
| Ձևաչափ: | Գիրք |
|---|---|
| Լեզու: | անգլերեն |
| Հրապարակվել է: |
Oxford University Press,
2013
|
| Ցուցիչներ: |
Ավելացրեք ցուցիչ
Չկան պիտակներ, Եղեք առաջինը, ով նշում է այս գրառումը!
|
MARC
| LEADER | 00000nam a22000007a 4500 | ||
|---|---|---|---|
| 008 | 210126b ||||| |||| 00| 0 eng d | ||
| 020 | |a 978-0-19-965306-5 | ||
| 245 | |a A DICTIONARY of geology and earth sciences |c Michael Allaby |g 644p.; ill | ||
| 250 | |b 4th ed. |c Allaby, Michael | ||
| 260 | |b Oxford University Press, |c 2013 |d Books |h Oxford |i 690880 |l QE5 .D55 |m Geology – Dictionaries |m Earth Science – Dictionaries | ||
| 500 | |a “It includes appendix” | ||
| 942 | |a lcc |c BK |e Adekanye I. H. |f 26/01/2021 | ||
| 952 | |0 0 |1 0 |2 lcc |4 0 |6 QE0005 D55 |7 0 |9 1880 |a RF |b HOL |c AF |d 2021-01-26 |l 0 |o QE5 .D55 |p 2021-5747 |r 2021-01-26 00:00:00 |w 2021-01-26 |y BK | ||
| 952 | |0 0 |1 0 |2 lcc |4 0 |6 QE0005 D55 |7 0 |9 1887 |a HOL |b SL |c QZ |d 2021-01-26 |l 0 |o QE5 .D55 |p 2021-5754 |r 2021-01-26 00:00:00 |w 2021-01-26 |y BK | ||
| 999 | |c 988 |d 988 | ||